|
|
|
|
| LEADER |
00000nam0a2200000 4500 |
| 001 |
670180 |
| 090 |
|
|
|a 670180
|
| 100 |
|
|
|a 20240117d1927 k||y0rusy50 ea
|
| 101 |
0 |
|
|a rus
|
| 102 |
|
|
|a RU
|
| 105 |
|
|
|a a z 000yy
|
| 181 |
|
0 |
|a i
|b e
|
| 182 |
|
0 |
|a n
|
| 183 |
|
0 |
|a nc
|2 RDAcarrier
|
| 200 |
1 |
|
|a Работа частей самолета
|f Б. Горощенко
|
| 203 |
|
|
|a Текст
|b визуальный
|c непосредственный
|
| 210 |
|
|
|a Ленинград
|c Издание Военно-технической школы Военно Воздушных сил Р. К. К. А.
|d 1927
|
| 215 |
|
|
|a 68 с.
|c ил.
|
| 283 |
|
|
|a volume
|2 RDAcarrier
|
| 316 |
|
|
|5 63413507: КР-7771
|a На титульном листе владельческий штамп «Лаборатория Двигателей внутреннего сгорания СТИ»
|
| 606 |
1 |
|
|a Самолеты
|x Компоновка и части
|9 88497
|
| 610 |
1 |
|
|a полет
|
| 610 |
1 |
|
|a нагрузка
|
| 610 |
1 |
|
|a расчалочная коробка
|
| 610 |
1 |
|
|a крылья
|
| 610 |
1 |
|
|a фюзеляж
|
| 610 |
1 |
|
|a шасси
|
| 610 |
1 |
|
|a отдельные детали
|
| 610 |
1 |
|
|a работа
|
| 610 |
1 |
|
|a владельческий штамп
|
| 610 |
1 |
|
|a Коллекция русских учебников
|
| 675 |
|
|
|a 629.73.02
|v 4
|
| 700 |
|
1 |
|a Горощенко
|b Б.
|
| 801 |
|
0 |
|a RU
|b 63413507
|c 20240117
|
| 942 |
|
|
|c BK
|